000 01088nam a2200277Ia 4500
003 OSt
005 20210902155933.0
008 210310t2011 eu ad fr 000 0 eng d
020 _a9780691152875
040 _aCO-JMCR
_cCO-JMCR
041 0 _aeng
082 0 4 _a339 /
_bD327s
_223
100 1 _aDeJong, David N.,
_917331
_eautor
245 1 0 _aStructural Macroeconometrics /
_cDavid N. DeJong, Chetan Dave
250 _aSecond edition
260 _aNew Jersey :
_bPrinceton University Press,
_c©2011
300 _axvi, 418 páginas :
_bilustraciones y gráficas a blanco y negro ;
_c23 cm.
500 _aIncluye notas a pie de página.
504 _aBibliografía: páginas [387]-400
505 0 _aCasting models in canonical form -- DSGE Models: three examples -- Model solution techniques -- Data preparation and representation -- Monte Carlo Methods -- Empirical methods
650 1 4 _aMacroeconomía
_917333
650 2 4 _aModelos econométricos
_95178
650 2 4 _aMacroeconomía
_xModelos matemáticos
_939930
700 1 _aDave, Chetan,
_eautor
_939931
942 _2ddc
_cBK
999 _c8458
_d8458